La responsabilidad civil derivada del bullying y otros delitos de los menores de edad /

Estudio jurídico sobre la responsabilidad civil de las instituciones o personas involucradas en la formación de los menores de edad, cuando estos incurren en conductas ilícitas que se encuadran como tales en los códigos civil y penal, en leyes administrativas y en los reglamentos internos de las ins...

Бүрэн тодорхойлолт

-д хадгалсан:
Номзүйн дэлгэрэнгүй
Үндсэн зохиолч: Rodríguez Amunátegui, Carlos (autor)
Формат: Ном
Хэл сонгох:испани
Хэвлэсэн: Madrid, España : Ediciones del Laberinto, 2007, c2007
Цуврал:(Laberinto Jurídico ; 3)
Нөхцлүүд:
Шошгууд: Шошго нэмэх
Шошго байхгүй, Энэхүү баримтыг шошголох эхний хүн болох!

MARC

LEADER 00000nam^a2200000^a^4500
001 000266425
005 20250521000000.0
009 20260310110751.682
020 |a 84-8483-263-5 
037 |a Acervo ITESO - Biblioteca 
041 |a ESP 
082 |a 346. 4603  |b ROD 
100 |a Rodríguez Amunátegui, Carlos  |e (autor) 
245 1 3 |a La responsabilidad civil derivada del bullying y otros delitos de los menores de edad /  |c C. Rodríguez Amunátegui. 
264 4 |a Madrid, España :  |b Ediciones del Laberinto,  |c 2007, c2007 
300 |a 238 p. 
336 |a texto  |b txt  |2 rdacontenido 
337 |a sin mediación  |b n  |2 rdamedio 
338 |a volumen  |b nc  |2 rdasoporte 
440 1 |a (Laberinto Jurídico ;  |v 3) 
520 |a Estudio jurídico sobre la responsabilidad civil de las instituciones o personas involucradas en la formación de los menores de edad, cuando estos incurren en conductas ilícitas que se encuadran como tales en los códigos civil y penal, en leyes administrativas y en los reglamentos internos de las instituciones en España. 
649 |a XX 
650 |a Niños -  |z España -  |x Condiciones Jurídicas 
650 |a Alumnos -  |z España -  |x Condiciones Jurídicas -  |x Tema Principal 
650 |a Acoso Escolar -  |z España -  |x Aspectos Jurídicos -  |x Tema Principal 
650 |a Delitos contra la Persona -  |z España 
650 |a Educación -  |z España -  |x Aspectos Jurídicos 
650 |a Responsabilidad (Derecho) -  |z España -  |x Tema Principal 
650 |a Responsabilidad Penal -  |z España 
650 |a Responsabilidad (Derecho) -  |z España 
650 |a Reparación del Daño -  |z España 
650 |a Derecho Civil -  |z España 
650 |a Derecho Penal -  |z España 
650 |a Derecho Administrativo -  |z España 
650 |a Derecho Privado -  |z España 
650 |a Derecho Público -  |z España 
910 |a Fondo General 
920 |a Impresos - Libros 
930 |a Colección General 
905 |a 101 
901 |a 0500149802  |b IT1  |c ACC  |u 20250521 
902 |a https://opac.biblio.iteso.mx/vufind/Record/000266425